000 00868nam a2200253Ia 4500
003 OSt
005 20220923211502.0
006 a|||||r|||| 00| 0
007 ta
008 Pun
020 _a9789352044467 (hbk)
_c250
024 _a320,413
037 _b777, 27/02/2017, H.K. Prakashan
_cTextual
040 _aARTS
_cARTS
_bPun
041 _2Pun
_aPun
082 _aY:36.243M, 153Q5
100 _aਸੁਖਦੀਪ ਕੌਰ, ਂਚ.
245 0 _aਮੁਕਤਸਰ ਗ਼ਿਲ੍ਹੇ ਦੇ ਮੇਲੇ
_b ਸਰਵੇਖਣ ਤੇ ਮੁਲਾਂਕਣ
260 _aਚੰਡੀਗੜ
_b ਯੁਨੀਸਟਾਰ
_c2015
300 _a103ਪ੍ਰ0
_ccm.
650 _aਸਮਾਜ Fਾਸਤਰ
942 _hY:36.243M, 153Q5
_cTEXL
_2CC
999 _c300017
_d300017